Manažment tržieb v potravinárskom priemysle v SR

Manažment tržieb prostredníctvom cenovej optimalizácie ponúka dynamické nástroje riadenia príjmov podniku. Využívajú ho spoločnosti po celom svete, ktorých produkty obsahujú vysoké fixné náklady a súčasne strácajú svoju hodnotu v krátkom časovom úseku. Príspevok sa venuje využitiu nástroja cenovej d...

Ausführliche Beschreibung

Gespeichert in:
Bibliographische Detailangaben
1. Verfasser: Remeňová, Katarína, 1982-
Format: Buchkapitel
Sprache:Slowakisch
Schlagworte:
Tags: Tag hinzufügen
Keine Tags, Fügen Sie das erste Tag hinzu!

MARC

LEADER 00000naa$a2200000$$$4500
001 0186405
005 20240502073201.1
041 0 |a slo 
044 |a SK 
245 1 0 |a Manažment tržieb v potravinárskom priemysle v SR  |c Katarína Remeňová 
520 |a Manažment tržieb prostredníctvom cenovej optimalizácie ponúka dynamické nástroje riadenia príjmov podniku. Využívajú ho spoločnosti po celom svete, ktorých produkty obsahujú vysoké fixné náklady a súčasne strácajú svoju hodnotu v krátkom časovom úseku. Príspevok sa venuje využitiu nástroja cenovej diferenciácie v manažmente tržieb potravinárskych podnikov, ktorých produkty spĺňajú kľúčovú charakteristiku - prepad hodnoty produktu po termíne jeho použiteľnosti. 
610 2 0 |a potravinárstvo 
610 2 0 |a manažment 
610 2 0 |a tržby 
610 2 0 |a diferenciácia cenová 
100 1 |a Remeňová, Katarína, 1982-